Ewige Tabelle der 2. Liga (Österreich) - Statistiken

Allgemein
  • Dieses Quiz wurde 53 mal gespielt
  • Das Durchschnittsergebnis liegt bei 47 aus 132
Antwortstatistiken
Pl. Jahre Punkte Club % Korrekt
50 5 238 Red Bull Salzburg
95%
58 4 198 SK Austria Klagenfurt
95%
16 14 525 Wolfsberger AC
95%
4 18 1.000 LASK
93%
97 2 46 SC Bruck/Mur
88%
12 12 629 Grazer AK 1902
86%
80 2 99 SK Sturm Graz
86%
96 2 54 SK Sturm Graz II
86%
82 3 93 SK Rapid Wien II
83%
23 12 454 Floridsdorfer AC
81%
17 9 518 SCR Altach
81%
5 22 999 First Vienna FC
79%
3 25 1.331 SC Austria Lustenau
79%
15 10 559 SV Ried
76%
13 16 626 WSG Tirol
76%
1 34 1.526 DSV Leoben
74%
26 9 399 FC Blau-Weiß Linz
74%
30 10 378 TSV Hartberg
74%
48 5 259 1. Fortuna Wiener Neustädter SC
71%
11 17 665 1. Wiener Neustädter SC
71%
28 12 395 FC Dornbirn
71%
75 3 111 SC/ESV Parndorf
71%
111 1 26 SV Austria Salzburg
71%
38 7 317 IG Bregenz/Dornbirn
69%
43 7 305 Schwarz-Weiß Bregenz
69%
6 18 860 SKN St. Pölten
69%
52 6 222 SKU Amstetten
69%
31 10 363 SV Horn
69%
2 32 1.354 SV Kapfenberg
69%
39 7 317 SV Mattersburg
69%
14 11 568 FC Liefering
64%
47 5 268 FC Linz
62%
49 6 257 SV Lafnitz
60%
40 9 315 Villacher SV
57%
104 1 34 SV Stripfing
55%
35 7 344 Wiener Sport-Club
55%
88 2 76 ASK Voitsberg
52%
24 8 446 FC Admira Wacker Mödling
52%
46 9 292 FC Kufstein
52%
10 12 700 FC Wacker Innsbruck
52%
100 1 41 FC Wacker Innsbruck II
52%
34 7 345 SC Eisenstadt
52%
73 3 119 SC Kufstein
52%
86 2 83 SC Neusiedl/See
52%
25 10 424 VfB Mödling
52%
7 22 806 SK Vorwärts Steyr
50%
79 2 101 Union Wels
50%
57 6 203 SV Oberwart
43%
29 10 394 Young Violets Wien
43%
74 3 117 Casino Baden AC
40%
83 3 88 FC Tulln
40%
32 9 360 FC Braunau
38%
27 10 395 FC Lustenau
38%
59 4 198 SV Grödig
38%
22 11 454 SV St. Veit
38%
20 12 478 1. Simmeringer SC
36%
33 11 359 Favoritner AC
36%
8 16 797 FC Kärnten
36%
94 2 62 FC Rätia Bludenz
36%
21 11 464 Kremser SC
36%
124 1 14 SK Bischofshofen
33%
45 7 300 SV Wörgl
33%
93 2 63 Rapid Lienz
31%
91 3 71 SR Donaufeld
31%
9 16 722 SV Spittal/Drau
31%
108 1 30 Vöcklabrucker Sportclub
31%
54 5 212 LASK Amateure OÖ
29%
18 15 517 SV Stockerau
29%
110 1 29 FC Zell am See
26%
65 5 165 SV Schwechat
26%
119 1 19 ASK Kottingbrunn
24%
78 4 102 FS Elektra
24%
68 3 141 SC Schwanenstadt 08
24%
19 12 494 SV Flavia Solva
24%
76 3 106 FC Puch
21%
87 2 80 ASV Vösendorf
19%
114 1 25 SC Rapid Oberlaa
19%
60 4 187 SV Gerasdorf/Stammersdorf
19%
92 2 63 SV Gloggnitz
19%
85 2 85 FC Wien
17%
37 6 322 SC Untersiebenbrunn 1932
17%
127 1 10 USK Anif
17%
113 1 26 UVB Vöcklmarkt
17%
98 2 45 ASKÖ Klingenbach
14%
56 4 203 BSV Bad Bleiberg
14%
44 7 304 FC Gratkorn
14%
64 4 166 FC Salzburg
14%
105 1 32 SAK Klagenfurt
14%
36 9 337 Salzburger AK 1914
14%
77 4 106 ASK Salzburg
12%
89 2 76 LUV Graz
12%
69 5 140 SC Red Star Penzing
12%
84 3 87 SK Amateure Steyr
12%
130 1 7 SV Dinamo Helfort 15
12%
99 1 42 SV Thörl
12%
126 1 10 WSV Eisenerz
12%
61 5 179 ASV Siegendorf
10%
41 8 313 ESV Austria Graz
10%
51 6 224 Grazer SC Straßenbahn
10%
62 5 176 SC Amateure St. Veit
10%
95 2 61 SC Kittsee
10%
123 1 16 UFC Purbach
10%
66 4 150 Wiener AC
10%
101 1 41 ASK Schwadorf 1936
7%
53 6 218 ASK Ternitz
7%
107 1 32 FK Hainburg
7%
109 1 29 SC Siebenhirten
7%
118 1 20 SV Bad Ausee
7%
102 1 38 WSG Radenthein
7%
42 9 310 ASV Hohenau
5%
122 1 16 ASV Seegraben
5%
132 1 0 Heiligenstädter SV Wien
5%
72 4 132 KSV Ankerbrot
5%
90 2 71 SC Ortmann
5%
121 1 17 SK Admira Linz
5%
120 1 18 SK Eintracht Wels
5%
106 1 32 SK Slovan HAC
5%
71 3 132 SPG Innsbruck
5%
129 1 8 ASV Neufeld
2%
70 3 133 Red Bull Juniors Salzburg
2%
81 2 93 SC Olympia Wien
2%
103 1 36 SV Fohnsdorf
2%
63 5 166 SV Franckviertel Linz
2%
112 1 26 SV Urfahr 1912
2%
117 1 21 1. FC Leoben
0%
116 1 21 ESV Westbahn Linz
0%
67 4 146 FC Stadlau
0%
131 1 3 Gaswerk VIII Wien
0%
115 1 25 PSV Innsbruck
0%
128 1 8 SC Columbia Floridsdorf
0%
125 1 10 SCR Hochstädt Wien
0%
55 6 206 SV Wimpassing
0%
Keine übereinstimmenden Quizze gefunden
Verteilung der Resultate
Anzahl Personen mit jedem Resultat
Perzentil nach korrekt beantworteten Fragen
Ihre Resultats-Entwicklung
Sie haben dieses Quiz noch nicht gespielt